000 00959cam a2200349 i 4500
001 0000820
003 DO-SdBNP
005 20180216130106.0
007 0000820
008 100514s 1995 xxu a | |||| 000 f spa
015 _a
017 _a
_b
020 _a0060262141
020 _a0064434168
035 _a
040 _aBPMSU
_bspa
_cBPMSU
_e
080 _a
100 1 _aBrown, Margaret Wise
_d1910-1952
245 1 0 _aBuenas noches, Luna /
_h
_cMargaret Wise Brown ; ilustraciones Clement Hurd ; traducción Teresa Mlawer
260 _aEstados Unidos :
_bHarper Arco Iris,
_c1995.
300 _a[32] p.:
_bil.
_c17 cm.
490 1 _aHarper Arco Iris
490 1 _aDéjame leer
521 _aDe 2 a 6 años.
700 1 2 _aHurd, Clement
_eil.
700 1 2 _aMlawer, Teresa
_etrad.
830 0 _aHarper Arco Iris
830 0 _aDéjame leer
942 _2ddc
_cBK
945 _ainventariado, 2018 / dg
956 _aYLOCKWARD
_810
_cBPMSU
999 _c12100
_d12100